01727nam a2200313 i 4500001000700000003000700007005001700014007000300031008004100034017005100075020001800126040002900144080002900173080001300202100005200215245008400267250003900351264003400390300006000424336002200484337003000506338002400536490001400560520058300574650003401157655003101191655003001222852016101252193600SpMaBN20250828023909.0ta200309s2019 sp a | |||| 000 j spa  aSE 1727-2019bOficina Depósito Legal Sevilla a9788417679095 aSpMaBNbspacSpMaBNerda a087.5:37.015.31:17.022.1 a087.5:821 aBermúdez Cancine, Maristela,d1959-4auteaut10aGlóbulo Tercero y la salvación de la Tierra /cMaristela Bermúdez Cancine aPrimera edición: noviembre, 2019 1aSevilla :bBabidi-Bú,c2019 a74 páginas :bilustraciones (blanco y negro) ;c20 cm aTexto2rdacontent asin mediación2rdamedia avolumen2rdacarrier0 aWooobooks aGlóbulo Tercero es un niño de 10 años, que debe salvar a su madre Tierra, la cual se encuentra enferma en el Hospital Central. Dispone de 13 días para conocer a sus tíos, (los planetas), y convencerlas para que salven a su madre. Con esta historia, los niños podrán valorar las acciones buenas y malas de los seres humanos, y desearán convertirse en «Globulito», para dar sus mejores cualidades intelectuales, físicas y espirituales al Planeta. A la vez, se divertirán con todas las aventuras que debe realizar Glóbulo Tercero para cumplir su misión.  7aEducación en valores2embne 0aCuentos infantiles2tgfbne 7aLibros infantiles2tgfbne aES-MaACL bR. 154940cDEPOJjN-9606gDedicatoria autógrafa de la autora hDonación: Maristela Bermúdez CancinexEncuadernación rústica con solapas